000 01010nam a2200253 a 4500
999 _c12461
_d12461
001 12461
003 BD-JhCC
005 20220731134024.0
008 220219b2015 bg |||| ||a| 001 0 ben d
020 _a9789848471364
035 _a(BD-JhCC)12461
040 _aBD-JhCC
_dBD-JhCC
041 _aBengali
082 _a297.63
_bRAH 2015
100 _aরাহনুমা,জয়নুল আবেদিন
245 _aপয়গম্বর:
_bমুহাম্মদ সাল্লাল্লাহ আলাহি ওয়াসাল্লাম /
_cজয়নুল আবেদিন রাহনুমা, অনু: এম রুহুল আমিন।
260 _aঢাকা :
_bবাংলাদেশ ইনস্টিটিউট অব ইসলামিক থ্যট;
_c২০১৫.
300 _a567 p. :
_c22 cm.
600 _aMuhammad ,Prophet --632
650 _aMuslims
700 _aআমিন,এম রুহুল
942 _2ddc
_cBK
_02